000 00425nam a22001697a 4500
003 SGT
020 _a9788131268612
082 _a611
_bS24S
100 _aSINGH, VISHRAM
245 _aSELECTIVE ANATOMY WITH CLINICAL CASE STUDENTS VOL-1
250 _a3RD
260 _aINDIA
_bELSEVIER PUB
_c2024
300 _a419
650 _aHUMAN ANATOMY
653 _aSELECTIVE ANATOMY WITH CLINICAL CASE STUDENTS
942 _2ddc
_cBK
999 _c33760
_d33760